| 000 | 00912nam a2200217 a 4500 | ||
|---|---|---|---|
| 005 | 20210223125934.0 | ||
| 008 | 050523s2003 mx 000 0 spa d | ||
| 020 | _a9701508769 | ||
| 035 | _aUPN01000144724 | ||
| 049 | _aCG | ||
| 050 | 4 |
_aQA76.76 H9.4 _bL6.3 |
|
| 100 | 1 | _aLópez Quijado, José | |
| 245 | 1 | 0 |
_aDomine HTML y DHTML / _bJosé López Quijado. |
| 260 |
_aMéxico : _bAlfaomega : _bRa-Ma, _cc2003. |
||
| 300 |
_axiv, 433 p. : _bil. + _e1 CD-ROM ; 4 3/4 plg. |
||
| 500 | _aEl CD-ROM incluye ejercicios del libro, asi como listas en sus páginas con los códigos para probar su funcionamiento. También cuenta con Microsoft Internet Explorer 6 en idioma español | ||
| 500 | _a"Usuarios de: Creación de páginas web. Nivel del libro: Todos los niveles | ||
| 650 | 4 |
_aHTML (LENGUAJE DE MARCADO DE HIPERTEXTO) _93900 |
|
| 650 | 4 |
_aDHTML (LENGUAJE DE MARCADO DE HIPERTEXTO) _915905 |
|
| 905 | _aLibro | ||
| 999 |
_c116871 _d116871 |
||